Кровна мста (Запис № 17697)

000 -Маркер запису
Контрольне поле сталої довжини 01884nam a22002537a 4500
003 - Належність контрольного номера
Контрольне поле Uzh_bibl
008 - Кодовані дані
Контрольне поле сталої довжини 260511b |||||||| |||| 00| 0 ukr d
020 ## - Індекс ISBN
ISBN 978-966-14-3881-0
Ціна 70.00
040 ## - Джерело каталогіз.
Код мови каталог. укр.
041 ## - Код мови видання
Код мови оригіналу українська
Код мови тексту українська
080 ## - Індекс УДК
Індекс УДК 821.161.2
090 ## - Шифри
Поличний індекс 821.161.2
Авторський знак Я 73
100 ## - Автор
Автор Яріш,Ярослав
245 ## - Назва
Назва Кровна мста
Відповідальність худож.М.Ломакін,передм.Г.Пагутяк
Фізичний носій Текст
260 ## - Вихідні дані
Місце видання Харків
Видавництво Книжковий Клуб "Клуб Сімейного Дозвілля"
Дата видання 2012
300 ## - Фізичний опис
Обсяг 320 с.
Тип одиниці В опр.
520 ## - Анотація
Анотація Давня Русь, початок XI ст. До стольного града Києва з далекої Тмутаракані вирушають найкращі воїни з дружини князя Мстислава, його найвідданіші бояри. Їх мало, але місія їхня велика: уголос заявити про його права на землю чернігівську й потай з'ясувати, хто віддав наказ убити двох його рідних братів. Шлях послів, на якому поляже не один мужній лицар, стелеться через пихатих варягів і підступних печенігів. Ласкаво просимо до небезпечного світу слов'янського Середньовіччя, де платять кров'ю за кров і заради влади йдуть на страшні злочини!
521 ## - Примітка про цільове призначення
Примітка про цільове призначення Для широкого кола читачів
546 ## - Примітка про мову
Примітка про мову укр.
650 ## - Тематичні рубрики
Основна рубрика Літературно - художнє видання
653 ## - Ключові слова
Ключові слова Давня Русь
-- Зрада
-- Вбивство
655 ## - Термін індексування — жанр/форма
Жанр/форма Проза
Типове ділення Роман
Хронологічне ділення поч. XI ст.
942 ## - ADDED ENTRY ELEMENTS (KOHA)
Джерело класифікації чи схема поличного розташування
Koha item type Книги
Фонди
Статус вилучення Статус втрати/відсутності Джерело класифікації чи схема поличного розташування Статус пошкодження Тип обігу (не для випозичання) Постійне розташування Поточне розташування Розташування у відділі Дата надходження Інвентарний номер Total Checkouts Повний (примірниковий) шифр зберігання Штрих-код Date last seen Дата, для якої чинна ціна заміни Тип одиниці (рівень примірника)
          Бібліотека-філія №3 Бібліотека-філія №3 Абонемент старший відділ 11/05/2026 68877   821.161.2 4238 11/05/2026 11/05/2026 Книги

Працює на АБІС Коха